000
00230nam a2200085 4500
999
_c
524680
_d
524680
082
_a
G1x54 In2m/2019
245
_a
Members of seventeenth Loksabha: A brief introduction
260
_a
2019
_b
Loksabha Secretariat
_c
2019
300
_a
332p